00616nam a2200169 i 4500001000300000100003000003245014100033260002100174040000800195041000800203080001100211942000700222008004100229999001700270856009800287952006100385bg1 aCHODKOWSKI, Antoni Wiktor 0aBudowa moodelu szybkobieżnego pojazdu gąsienicowego na tle ogólnego systemu pojazd-otoczenie-operator /cAntoni Wiktor Chodkowski. aWarszawa,c1976. cBPK apol a623.43 cKS s pl f |000 0 pol  c27377d27377 uhttp://koha.tu.koszalin.pl/cgi-bin/koha/opac-detail.pl?biblionumber=27377yKatalog online BPK 00104070aBPKbBPKcwo21024p01695045s2013-05-13yKS